| 000 | 00440nam a2200145Ia 4500 | ||
|---|---|---|---|
| 008 | 230917s9999||||xx |||||||||||||| ||und|| | ||
| 040 |
_e171966 _aMAIN |
||
| 041 | _aEnglish | ||
| 082 | _a891.431721 VV459K | ||
| 100 | _aवेद प्रकाश | ||
| 245 | 0 | _aकैदी भाई, बन्दी देश | |
| 260 |
_aदिल्ली _bअंलकार प्रकाशन _c1977 |
||
| 300 | _a89 पृ. p. | ||
| 942 | _cHN | ||
| 999 |
_c196357 _d196357 |
||